Star Wars Characters Episode I-III - Statistiken

Allgemein
  • Dieses Quiz wurde 2.059 mal gespielt
    2.052 seit der letzten Aktualisierung
  • Das Durchschnittsergebnis liegt bei 18 aus 28
Antwortstatistiken
Bildquiz Antwort % Korrekt
Yoda
99%
Obi-Wan Kenobi
98%
Anakin Skywalker
96%
R2-D2
95%
C-3PO
94%
Mace Windu
92%
Darth Maul
90%
Jango Fett
79%
Kanzler Palpatine
78%
Padme Amidala
78%
Commander Cody
71%
Count Dooku
69%
Jar Jar Binks
69%
Darth Sidious
68%
General Grievous
66%
Kit Fisto
66%
Plo Koon
61%
Ki-Adi-Mundi
60%
Qui-Gon Jinn
54%
Bail Organa
51%
Aayla Secura
44%
Watto
41%
Sebulba
38%
Luminara Unduli
36%
Nute Gunray
32%
Boss Nass
29%
Dexter Jettster
13%
Commander Ponds
4%
Keine übereinstimmenden Quizze gefunden
Verteilung der Resultate
Anzahl Personen mit jedem Resultat
Perzentil nach korrekt beantworteten Fragen
Ihre Resultats-Entwicklung
Sie haben dieses Quiz seit der letzten Aktualisierung nicht gespielt